000 00671nam a2200241Ia 4500
003 OSt
005 20221006144709.0
006 a|||||r|||| 00| 0
007 ta
008 221006b |||||||| |||| 00| 0 eng d
020 _c
_7.95
024 _a12,402
037 _cTextual
040 _aEASL
_cEASL
_beng
041 _2eng
_aeng
082 _aV41.N670bT4, L2;1
100 _aHINTON William
245 0 _aHundred day war
_b The cultural revolution at Tsingiua university.
260 _aNew York
_bMonthly Review Press
_c1972
300 _a288p.
_ccm.
942 _hV41.N670bT4, L2;1
_cTEXL
_2CC
999 _c1080488
_d1080488